| 000 | 00687nam a2200205Ia 4500 | ||
|---|---|---|---|
| 003 | GCL | ||
| 008 | 140319s9999 xx 000 0 ara d | ||
| 020 | _a2416209960 | ||
| 040 |
_aGCL / _cGCL |
||
| 082 | 0 | 4 |
_a911 _bس ا |
| 100 | 1 | _aسامى بن عبدالله بن احمد المغلوث | |
| 245 | 1 | 0 |
_aاطلس تاريخ الانبياء والرسل / _cسامى بن عبدالله بن احمد المغلوث |
| 250 | _aالاولى | ||
| 260 |
_aالرياض : _bمكتبة العبيكان |
||
| 300 |
_a176 ص ؛ _c26 سم |
||
| 650 | 0 | 4 | _aالانبياء |
| 650 | 0 | 4 | _aالتاريخ الاسلامى |
| 650 | 0 | 4 | _aالاطالس التاريخية |
| 942 |
_2ddc _cBK |
||
| 999 |
_c5147 _d5147 |
||